000 02122cam a22006014i 4500
003 PE-LiUPU
005 20250731170429.0
008 150623s r 000 0 d
020 _a0198750730
035 _a(Sirsi) i9780198750734
040 _aPE-LiUPU
_bspa
_cPE-LiUPU
_erda
049 _aPRUA
082 0 4 _a171.5
_bC22
_221
100 1 _aScheffler, Samuel,
_eautor.
245 1 0 _aConsequentialism and its critics.
264 1 _aNew York, NY :
_bOxford University Press,
_c1988.
300 _a294 páginas :
_bilustraciones, tablas, cuadros ;
_c20 centímetros
336 _atext
_2rdacontent
337 _aunmediated
_2rdamedia
338 _avolume
_2rdacarrier
490 0 _aOxford Readings in Philosophy
504 _aIncluye bibliografía.
505 0 _aClassical utilitarianism. Consequentialism and integrity. War and massacre. Rights, goals, and fairness. Alienation, consequentialism, and the demands of morality. Side constraints. Autonomy and deontology. Is common-sense morality self-defeating?. Rights and agency. Utilitarianism and the virtues. Agent-centred restrictions, rationality and the virtues. The authority of the moral agent.
526 _aSEG68
526 _aSEG70
526 _aSEG69
526 _aSEG67
526 _aSEG43
526 _aP144
526 _aP143
526 _aP131
526 _aP122
526 _aP120
526 _aP117
526 _aP112
526 _aP110
526 _aP106
526 _aP101
526 _aP80
526 _aP59
526 _aP54
526 _aP35
526 _aP33
526 _aP30
650 0 4 _aÉtica.
700 1 _aScheffler, Samuel,
_d1951-,
_eed.
942 _2ddc
_cBOOK
949 _a171.5 C22
_wDEWEY
_c1
_i51144
_lCCODEBUL1
_mBUL
_p10.00
_r0
_sY
_tBOOK
_u2015-6-24
_xTEOLOGIA
_PP35
_0COMPRA
_o.STAFF. Colección General
994 _aC0
_bPEPRU
596 _a1
999 _a171.5 C22
_wDEWEY
_c32843
_i51144
_f2021-11-4
_g5
_lCCODEBUL1
_mBUL
_p10.00
_r0
_sY
_tBOOK
_u2015-6-24
_xBIBLIOTECA
_PP35
_0COMPRA
_o.STAFF. Colección General
_d32843
980 _81
_gALBERTO SANCHEZ Responsable de Automatización